| 000 | 02758nab a2200337 i 4500 | ||
|---|---|---|---|
| 003 | BR-BrBNA | ||
| 005 | 20250409115712.0 | ||
| 008 | 250409b2020 bl.ar|pooa||| 00| 0 eng | | ||
| 040 |
_aBR-BrBNA _beng |
||
| 072 |
_aL51 _b6510 |
||
| 072 | _aL01 | ||
| 100 | _aPieroni, Carolina Alves Pieroni | ||
| 100 | _aOliveira, Maria Cristina de | ||
| 100 | _aSantos, Willian Lucas Rodrigues dos | ||
| 100 | _aMascarenhas, Laryssa Bezerra | ||
| 100 | _aOliveira, Matheus Andrade Dias | ||
| 245 | _aEffect of green propolis on the productivity, nutrient utilisation, and intestinal morphology of Japanese laying quail | ||
| 500 | _aPublicação on-line; 5 tables; Sumaries (En); Bibliography p. 7 - 10 | ||
| 520 | _a ABSTRACT - In this study, we evaluated the effects of dietary inclusion of ethanolic extract of green propolis (EEGP) on productivity, egg quality, nutrient utilization, and duodenal morphology of 120 Japanese laying quail. The quail were randomly distributed into five treatment groups: one group with no EEGP in the diet (control diet) and four groups with increasing EEGP levels (500, 1000, 1500, and 2000 mg EEGP/kg diet) in the diets. Excreta and diet samples were collected on day 40 and were analyzed for dry matter (DM), crude protein (CP), ether extract (EE), ash, gross energy (GE), calcium, and phosphorus to evaluate the nutrient and energy use. At the end of the study period, productive performance, egg quality, and duodenum morphology were evaluated. Duodenal sections were obtained from four birds per treatment and were processed for optical microscopy. The EEGP did not affect DM, GE utilization, apparent metabolizable energy, ash retention, feed intake, feed conversion, egg mass, egg quality, crypt depth, or villus height:crypt depth ratio in the duodenum. However, EEGP did increase laying rate, CP, EE, calcium, and phosphorus utilization, as well as villus height and absorption surface area in the duodenum when provided to birds at 1500 and 2000 mg/kg in the diet. Thus, the inclusion of EEGP at 1500 ppm in the diet of Japanese laying quail improves productivity, egg quality, nutrient utilization ability, and duodenal morphology. Keywords: animal production, egg laying, quail nutrition | ||
| 650 | _aCODORNA | ||
| 650 | _aNUTRIÇÃO | ||
| 650 | _aANIMAL | ||
| 650 | _aPRÓPOLIS | ||
| 650 | _aOVO | ||
| 650 | _aDIGESTIBILIDADE | ||
| 650 | _aPRODUÇÃO ANIMAL | ||
| 773 | 0 |
_03545 _9317600 _dViçosa-MG Sociedade Brasileira de Zootecnia 1997 _o2024-4310 _tRevista Brasileira de Zootecnia (Brazil) _x1516-3598 _gv. 49 p. 1-10 ; (2020) _wBR2024000539 |
|
| 856 | _uhttps://www.scielo.br/j/rbz/a/zgpZ9qWz7gMSqJv9rGjLqCd/?format=pdf&lang=en | ||
| 942 | _cANA | ||
| 999 |
_c330929 _d330929 |
||